000 01181nam a2200289 a 4500
001 46695
003 BD-RjUL
005 20211209054206.0
008 160803s1962 enka b 001 0 eng d
035 _a(BD-RjUL)46814
040 _aVSC
_beng
_cVSC
_dVSC
041 _aeng
082 0 4 _a345.410772
_223
_bHOS 1965
100 1 _aHood, Roger,
_d1936-
_9142341
245 1 0 _aSentencing in Magistrates' Courts :
_ba study in variations of policy /
_cRoger Hood ; with an introduction by Hermann Mannheim.
260 _aLondon :
_bStevens & Sons,
_c1962.
300 _axxiii, 145 p. :
_bill. ;
_c23 cm.
500 _a"Published under the auspices of the Institute for the Study and Treatment of Delinquency".
500 _aIncludes index.
504 _aBibliography: p. 141-142.
650 0 _aCriminal justice, Administration of
_zGreat Britain.
_9141224
650 0 _aMagistrates
_zGreat Britain.
_9142105
650 0 _aSentences (Criminal procedure)
_zGreat Britain.
_9142343
710 2 _aInstitute for the Study and Treatment of Delinquency (Great Britain)
_9142344
942 _2ddc
_cBK
999 _c46695
_d46695